000 00761nam a2200205 i 4500
001 bg
100 1 _aGAJEWSKI, Krzysztof
245 0 _aEfektywne sterowanie nakładkowaniem :
_brozszerzanie interpretera BASICa CBM V.2 /
_cKrzysztof Gajewski, Bogusław Radziszewski.
260 _aWarszawa :
_bIPPT PAN,
_c1986.
300 _a24 s. ;
_c20 cm.
490 1 _aPrace IPPT / Instytutu Podstawowych Problemów Techniki Polskiej Akademii Nauk,
_x0208-5658 ;
_v24
504 _aBibliogr. s. 23.
700 1 _aRADZISZEWSKI, Bogusław
830 0 _aPrace IPPT (Instytutu Podstawowych Problemów Techniki Polskiej Akademii Nauk) ;
_v24
040 _cBPK
041 _apol
080 _a681.322.06:519.682
942 _cKS
008 s pl f |000 0 pol
999 _c23137
_d23137
856 _uhttp://koha.tu.koszalin.pl/cgi-bin/koha/opac-detail.pl?biblionumber=23137
_yKatalog online BPK